000 00500nam a22001697a 4500
003 NUST
038 _aNusrat Nadeem
082 _a200
100 _aTariq, Azain
_9125308
245 _aChange Management at Telenor Pakistan/
_cAzain Tariq,
264 _aIslamabad;
_bNBS NUST;
_c2024.
300 _a60,p;
_bill;
_c30,cm.
650 _aExecutive MBA 
_9125080
700 _aSupervisor: Dr. Zeeshan Mirza
_9120103
856 _u http://10.250.8.41:8080/xmlui/handle/123456789/45663
942 _2ddc
_cSC
999 _c611066
_d611066